| 000 | 00513cam a22002054a 4500 | ||
|---|---|---|---|
| 005 | 20250605164301.0 | ||
| 008 | 250528s ||||||||||||||||||||||||d | ||
| 035 | _a22089 | ||
| 020 | _a9781446270677 | ||
| 040 |
_aGR-AtMCL _bgre _dGR-AtMCL _eAACR2 |
||
| 245 | 1 | _aAN INTRODUCTION TO EARLY CHILDHOOD STUDIES | |
| 250 | _a3 | ||
| 260 |
_bSage Publications, _c2014 |
||
| 300 | _a335 | ||
| 700 | 1 |
_aMaynard Trisha _97965 |
|
| 700 | 1 |
_aPowell Sacha _97966 |
|
| 942 | _cBK | ||
| 999 |
_c7145 _d7145 |
||